General Knowledge Quiz 199 - Statistics

General Stats
  • This quiz has been taken 75 times
  • The average score is 8 of 15
Answer Stats
Hint Answer % Correct
How many track and field events is the heptathlon made up of? 7
98%
What European city does the word Florentine relate to? Florence
95%
What cartoon sitcom did James L. Brooks, Matt Groening, and Sam Simon produce? The Simpsons
70%
Beginning with G, what type of rock is used to make curling stones? Granite
66%
What musician performed at Folsom State Prison in 1968? Johnny Cash
63%
What type of insect is a longhorn? Beetle
61%
Who was the US President during the Iran hostage crisis? Jimmy Carter
59%
Devil facial tumour disease is a cancer that affects which Australian animal? Tasmanian devil
52%
What English band were named after a mythical torture device? Iron Maiden
47%
What material is responsible for more than 80% of Mesothelioma cases? Asbestos
44%
What Christian denomination did John Wesley found? Methodism
31%
Beginning with N, what civil rights organization was founded in 1909 to advance justice for African Americans? National Association for the Advancement of Colored People
30%
What can come in the Berliner, Compact, or Broadsheet format? Newspaper
30%
What were balloons mainly used for in WW1? Observation
30%
What travel guide book publisher was founded in Australia in 1973? Lonely Planet
23%
No matching quizzes found
Score Distribution
Percent of People with Each Score
Percentile by Number Answered
Your Score History
You have not taken this quiz